[Event "Landsturneringen 2022"]
[Site "Kongsvingerhallen"]
[Date "2022.07.08"]
[Round "8"]
[White "Skotheim, Andreas"]
[Black "Øye-Strømberg, Alexander"]
[Result "1-0"]
[WhiteElo "2197"]
[BlackElo "2304"]
1. d4 {[%clk 01:30:44]} {[%emt 00:00:14]} Nf6 {[%clk 01:30:46]} {[%emt
00:00:15]} 2. Bg5 {[%clk 01:30:56]} {[%emt 00:00:18]} e6 {[%clk 01:30:52]}
{[%emt 00:00:24]} 3. e4 {[%clk 01:30:43]} {[%emt 00:00:44]} h6 {[%clk
01:31:11]} {[%emt 00:00:11]} 4. Bxf6 {[%clk 01:30:47]} {[%emt 00:00:26]} Qxf6
{[%clk 01:31:33]} {[%emt 00:00:08]} 5. c3 {[%clk 01:30:34]} {[%emt 00:00:44]}
d5 {[%clk 01:31:38]} {[%emt 00:00:25]} 6. Nd2 {[%clk 01:29:14]} {[%emt
00:01:49]} c5 {[%clk 01:27:45]} {[%emt 00:04:23]} 7. Ngf3 {[%clk 01:22:56]}
{[%emt 00:06:48]} cxd4 {[%clk 01:20:08]} {[%emt 00:08:07]} 8. Nxd4 {[%clk
01:01:50]} {[%emt 00:21:36]} Bc5 {[%clk 01:11:55]} {[%emt 00:08:44]} 9. N2b3
{[%clk 00:59:20]} {[%emt 00:03:00]} Bxd4 {[%clk 01:10:28]} {[%emt 00:01:57]} 10.
Nxd4 {[%clk 00:58:57]} {[%emt 00:00:52]} dxe4 {[%clk 00:48:30]} {[%emt
00:22:29]} 11. Nb5 {[%clk 00:54:11]} {[%emt 00:05:16]} Qe5 {[%clk 00:48:45]}
{[%emt 00:00:15]} 12. Qd6 {[%clk 00:53:38]} {[%emt 00:01:03]} Qxd6 {[%clk
00:49:10]} {[%emt 00:00:05]} 13. Nxd6+ {[%clk 00:54:02]} {[%emt 00:00:06]} Ke7
{[%clk 00:49:36]} {[%emt 00:00:04]} 14. Nxe4 {[%clk 00:54:14]} {[%emt
00:00:19]} b6 {[%clk 00:49:21]} {[%emt 00:00:45]} 15. Be2 {[%clk 00:52:50]}
{[%emt 00:01:52]} Nd7 {[%clk 00:45:19]} {[%emt 00:04:33]} 16. Nd2 {[%clk
00:49:36]} {[%emt 00:03:43]} Nc5 {[%clk 00:39:38]} {[%emt 00:06:12]} 17. Nb3
{[%clk 00:33:28]} {[%emt 00:16:38]} Bb7 {[%clk 00:38:10]} {[%emt 00:01:58]} 18.
Nxc5 {[%clk 00:32:56]} {[%emt 00:01:02]} bxc5 {[%clk 00:38:35]} {[%emt
00:00:05]} 19. O-O {[%clk 00:32:41]} {[%emt 00:00:44]} a5 {[%clk 00:38:13]}
{[%emt 00:00:52]} 20. Bb5 {[%clk 00:29:18]} {[%emt 00:03:53]} Rab8 {[%clk
00:37:41]} {[%emt 00:01:03]} 21. c4 {[%clk 00:22:28]} {[%emt 00:07:19]} Rhd8
{[%clk 00:37:45]} {[%emt 00:00:27]} 22. Rad1 {[%clk 00:22:15]} {[%emt
00:00:42]} Be4 {[%clk 00:37:51]} {[%emt 00:00:24]} 23. f3 {[%clk 00:21:15]}
{[%emt 00:01:29]} Bc2 {[%clk 00:37:59]} {[%emt 00:00:23]} 24. Rc1 {[%clk
00:20:26]} {[%emt 00:01:19]} Rd2 {[%clk 00:37:39]} {[%emt 00:00:51]} 25. Rf2
{[%clk 00:20:12]} {[%emt 00:00:44]} Rbd8 {[%clk 00:34:48]} {[%emt 00:03:21]} 26.
Rxc2 {[%clk 00:20:30]} {[%emt 00:00:12]} 
1-0

[Event "Landsturneringen 2022"]
[Site "Kongsvingerhallen"]
[Date "2022.07.08"]
[Round "8"]
[White "Grave, Jacob Templen"]
[Black "Kvaløy, Aksel Bu"]
[Result "1/2-1/2"]
[WhiteElo "2220"]
[BlackElo "2289"]
1. d4 {[%clk 01:30:58]} {[%emt 00:00:01]} Nf6 {[%clk 01:30:53]} {[%emt
00:00:07]} 2. c4 {[%clk 01:31:22]} {[%emt 00:00:06]} e6 {[%clk 01:31:13]}
{[%emt 00:00:10]} 3. g3 {[%clk 01:31:45]} {[%emt 00:00:07]} d5 {[%clk
01:31:25]} {[%emt 00:00:18]} 4. Bg2 {[%clk 01:32:09]} {[%emt 00:00:05]} dxc4
{[%clk 01:31:32]} {[%emt 00:00:24]} 5. Nf3 {[%clk 01:32:23]} {[%emt 00:00:11]}
Bb4+ {[%clk 01:31:36]} {[%emt 00:00:30]} 6. Bd2 {[%clk 01:32:32]} {[%emt
00:00:22]} a5 {[%clk 01:31:34]} {[%emt 00:00:33]} 7. a3 {[%clk 01:32:33]}
{[%emt 00:00:28]} Bxd2+ {[%clk 01:31:58]} {[%emt 00:00:06]} 8. Nbxd2 {[%clk
01:32:34]} {[%emt 00:00:29]} b5 {[%clk 01:29:15]} {[%emt 00:03:13]} 9. b3
{[%clk 01:32:53]} {[%emt 00:00:11]} cxb3 {[%clk 01:26:26]} {[%emt 00:03:19]} 10.
Qxb3 {[%clk 01:33:16]} {[%emt 00:00:07]} c6 {[%clk 01:24:54]} {[%emt 00:02:02]}
11. O-O {[%clk 01:32:01]} {[%emt 00:01:45]} O-O {[%clk 01:23:13]} {[%emt
00:02:10]} 12. Rfc1 {[%clk 01:31:28]} {[%emt 00:01:04]} Bb7 {[%clk 01:12:37]}
{[%emt 00:11:07]} 13. Qb2 {[%clk 01:30:54]} {[%emt 00:01:03]} Nbd7 {[%clk
01:11:46]} {[%emt 00:01:21]} 14. Ne1 {[%clk 01:30:37]} {[%emt 00:00:47]} Qb6
{[%clk 01:03:40]} {[%emt 00:08:36]} 15. Nd3 {[%clk 01:25:08]} {[%emt 00:05:59]}
Rfd8 {[%clk 01:00:14]} {[%emt 00:03:57]} 16. e4 {[%clk 01:19:17]} {[%emt
00:06:20]} e5 {[%clk 00:49:47]} {[%emt 00:10:57]} 17. dxe5 {[%clk 00:41:17]}
{[%emt 00:38:30]} Ng4 {[%clk 00:49:57]} {[%emt 00:00:20]} 18. Nb3 {[%clk
00:39:49]} {[%emt 00:01:58]} a4 {[%clk 00:45:51]} {[%emt 00:04:36]} 19. Nd4
{[%clk 00:28:38]} {[%emt 00:11:41]} Ngxe5 {[%clk 00:35:52]} {[%emt 00:10:29]}
20. Nf5 {[%clk 00:28:01]} {[%emt 00:01:07]} f6 {[%clk 00:29:06]} {[%emt
00:07:16]} 21. Nf4 {[%clk 00:26:04]} {[%emt 00:02:26]} Nc5 {[%clk 00:26:35]}
{[%emt 00:03:02]} 22. Nxg7 {[%clk 00:15:42]} {[%emt 00:10:52]} Ncd3 {[%clk
00:24:22]} {[%emt 00:02:43]} 23. Nxd3 {[%clk 00:15:34]} {[%emt 00:00:38]} Nxd3
{[%clk 00:24:17]} {[%emt 00:00:35]} 24. Qxf6 {[%clk 00:15:28]} {[%emt
00:00:36]} Nxf2 {[%clk 00:09:21]} {[%emt 00:15:26]} 25. Qxf2 {[%clk 00:15:42]}
{[%emt 00:00:15]} Qxf2+ {[%clk 00:09:47]} {[%emt 00:00:05]} 26. Kxf2 {[%clk
00:16:05]} {[%emt 00:00:07]} Kxg7 {[%clk 00:10:00]} {[%emt 00:00:17]} 27. Ke3
{[%clk 00:13:33]} {[%emt 00:03:02]} Rd7 {[%clk 00:08:34]} {[%emt 00:01:56]} 28.
Rd1 {[%clk 00:11:01]} {[%emt 00:03:02]} Rc7 {[%clk 00:06:00]} {[%emt 00:03:04]}
29. Rab1 {[%clk 00:09:25]} {[%emt 00:02:06]} Ba6 {[%clk 00:06:09]} {[%emt
00:00:21]} 30. Bf1 {[%clk 00:08:46]} {[%emt 00:01:09]} Re8 {[%clk 00:06:00]}
{[%emt 00:00:39]} 31. Rd6 {[%clk 00:07:44]} {[%emt 00:01:32]} Bc8 {[%clk
00:05:04]} {[%emt 00:01:26]} 32. Rc1 {[%clk 00:06:10]} {[%emt 00:02:05]} Rce7
{[%clk 00:01:36]} {[%emt 00:03:58]} 33. Bg2 {[%clk 00:03:12]} {[%emt 00:03:27]}
Bf5 {[%clk 00:01:34]} {[%emt 00:00:32]} 34. Rd4 {[%clk 00:03:20]} {[%emt
00:00:22]} Re6 {[%clk 00:01:37]} {[%emt 00:00:27]} 35. Rc5 {[%clk 00:03:17]}
{[%emt 00:00:33]} Bg6 {[%clk 00:01:43]} {[%emt 00:00:23]} 36. h4 {[%clk
00:03:17]} {[%emt 00:00:31]} h6 {[%clk 00:01:34]} {[%emt 00:00:40]} 37. Kf4
{[%clk 00:01:49]} {[%emt 00:01:57]} Rf6+ {[%clk 00:01:46]} {[%emt 00:00:18]} 38.
Ke3 {[%clk 00:02:10]} {[%emt 00:00:09]} Rfe6 {[%clk 00:02:05]} {[%emt
00:00:11]} 39. Kf4 {[%clk 00:02:05]} {[%emt 00:00:35]} Rf6+ {[%clk 00:02:15]}
{[%emt 00:00:20]} 40. Ke3 {[%emt 00:00:33]}
1/2-1/2

[Event "Landsturneringen 2022"]
[Site "Kongsvingerhallen"]
[Date "2022.07.08"]
[Round "9"]
[White "Mitusov, Semen"]
[Black "Grave, Jacob Templen"]
[Result "1-0"]
[WhiteElo "2378"]
[BlackElo "2220"]
1. e4 {[%clk 01:30:52]} {[%emt 00:00:07]} c6 {[%clk 01:30:54]} {[%emt
00:00:07]} 2. d4 {[%clk 01:30:16]} {[%emt 00:01:05]} d5 {[%clk 01:31:19]}
{[%emt 00:00:05]} 3. e5 {[%clk 01:30:43]} {[%emt 00:00:03]} Bf5 {[%clk
01:31:38]} {[%emt 00:00:10]} 4. h4 {[%clk 01:30:44]} {[%emt 00:00:28]} h5
{[%clk 01:32:03]} {[%emt 00:00:06]} 5. Bd3 {[%clk 01:30:30]} {[%emt 00:00:44]}
Bxd3 {[%clk 01:32:07]} {[%emt 00:00:26]} 6. Qxd3 {[%clk 01:30:52]} {[%emt
00:00:09]} Qa5+ {[%clk 01:32:23]} {[%emt 00:00:15]} 7. Nd2 {[%clk 01:30:45]}
{[%emt 00:00:36]} e6 {[%clk 01:30:06]} {[%emt 00:02:47]} 8. Ngf3 {[%clk
01:29:48]} {[%emt 00:01:28]} Nh6 {[%clk 01:30:01]} {[%emt 00:00:33]} 9. O-O
{[%clk 01:29:27]} {[%emt 00:00:52]} Nf5 {[%clk 01:30:15]} {[%emt 00:00:16]} 10.
c4 {[%clk 01:29:13]} {[%emt 00:00:44]} Be7 {[%clk 01:30:28]} {[%emt 00:00:16]}
11. a4 {[%clk 01:24:06]} {[%emt 00:05:38]} O-O {[%clk 01:25:50]} {[%emt
00:05:09]} 12. g3 {[%clk 01:04:59]} {[%emt 00:19:37]} Rd8 {[%clk 01:24:33]}
{[%emt 00:01:47]} 13. c5 {[%clk 00:58:56]} {[%emt 00:06:33]} b6 {[%clk
01:13:34]} {[%emt 00:11:28]} 14. Nb3 {[%clk 00:57:35]} {[%emt 00:01:51]} Qa6
{[%clk 01:11:00]} {[%emt 00:03:03]} 15. Qc3 {[%clk 00:56:36]} {[%emt 00:01:30]}
Nd7 {[%clk 01:08:35]} {[%emt 00:02:55]} 16. Bg5 {[%clk 00:50:54]} {[%emt
00:06:12]} f6 {[%clk 01:00:33]} {[%emt 00:08:32]} 17. Bf4 {[%clk 00:46:09]}
{[%emt 00:05:15]} Qc4 {[%clk 00:55:52]} {[%emt 00:05:10]} 18. exf6 {[%clk
00:40:54]} {[%emt 00:05:45]} gxf6 {[%clk 00:51:33]} {[%emt 00:04:49]} 19. Qe1
{[%clk 00:26:39]} {[%emt 00:14:46]} Kf7 {[%clk 00:44:02]} {[%emt 00:08:00]} 20.
Qd1 {[%clk 00:26:13]} {[%emt 00:00:56]} bxc5 {[%clk 00:41:35]} {[%emt
00:02:58]} 21. Nfd2 {[%clk 00:24:21]} {[%emt 00:02:23]} Qb4 {[%clk 00:31:22]}
{[%emt 00:10:42]} 22. Qxh5+ {[%clk 00:24:28]} {[%emt 00:00:22]} Kg7 {[%clk
00:31:47]} {[%emt 00:00:06]} 23. Rfe1 {[%clk 00:20:55]} {[%emt 00:04:03]} Rh8
{[%clk 00:30:59]} {[%emt 00:01:18]} 24. Qg4+ {[%clk 00:20:15]} {[%emt
00:01:10]} Kf7 {[%clk 00:31:20]} {[%emt 00:00:09]} 25. Rxe6 {[%clk 00:20:25]}
{[%emt 00:00:21]} Kxe6 {[%clk 00:30:28]} {[%emt 00:01:22]} 26. Re1+ {[%clk
00:20:42]} {[%emt 00:00:13]} Kf7 {[%clk 00:29:21]} {[%emt 00:01:37]} 27. Qxf5
{[%clk 00:21:04]} {[%emt 00:00:08]} Nf8 {[%clk 00:29:33]} {[%emt 00:00:18]} 28.
Nf3 {[%clk 00:20:06]} {[%emt 00:01:29]} Qb7 {[%clk 00:29:01]} {[%emt 00:01:02]}
29. Ne5+ {[%clk 00:14:41]} {[%emt 00:05:55]} Ke8 {[%clk 00:27:24]} {[%emt
00:02:08]} 30. Nxc5 {[%clk 00:14:51]} {[%emt 00:00:20]} Qc8 {[%clk 00:26:48]}
{[%emt 00:01:05]} 31. Ned7 {[%clk 00:14:56]} {[%emt 00:00:25]} Nxd7 {[%clk
00:26:36]} {[%emt 00:00:42]} 32. Qg6+ {[%clk 00:15:20]} {[%emt 00:00:06]} Kf8
{[%clk 00:26:58]} {[%emt 00:00:09]} 33. Ne6# {[%clk 00:15:46]} {[%emt
00:00:04]}
1-0

[Event "Landsturneringen 2022"]
[Site "Kongsvingerhallen"]
[Date "2022.07.08"]
[Round "9"]
[White "Øye-Strømberg, Alexander"]
[Black "Aulin-Jansson, Jøran"]
[Result "1-0"]
[WhiteElo "2304"]
[BlackElo "2191"]
1. d4 {[%clk 01:30:49]} {[%emt 00:00:09]} c5 {[%clk 01:30:34]} {[%emt
00:00:27]} 2. d5 {[%clk 01:31:05]} {[%emt 00:00:14]} e5 {[%clk 01:30:58]}
{[%emt 00:00:06]} 3. e4 {[%clk 01:31:14]} {[%emt 00:00:22]} a6 {[%clk
01:31:23]} {[%emt 00:00:06]} 4. a4 {[%clk 01:31:18]} {[%emt 00:00:25]} d6
{[%clk 01:31:45]} {[%emt 00:00:07]} 5. Nc3 {[%clk 01:31:20]} {[%emt 00:00:29]}
Be7 {[%clk 01:32:08]} {[%emt 00:00:06]} 6. Nf3 {[%clk 01:31:17]} {[%emt
00:00:34]} Nf6 {[%clk 01:31:44]} {[%emt 00:00:53]} 7. Nd2 {[%clk 01:31:10]}
{[%emt 00:00:38]} O-O {[%clk 01:31:50]} {[%emt 00:00:24]} 8. Nc4 {[%clk
01:31:24]} {[%emt 00:00:15]} Nbd7 {[%clk 01:32:07]} {[%emt 00:00:13]} 9. h4
{[%clk 01:27:35]} {[%emt 00:04:20]} Re8 {[%clk 01:29:05]} {[%emt 00:03:31]} 10.
Be2 {[%clk 01:01:02]} {[%emt 00:27:03]} Nf8 {[%clk 01:25:06]} {[%emt 00:04:29]}
11. a5 {[%clk 00:58:19]} {[%emt 00:03:13]} N6d7 {[%clk 01:22:53]} {[%emt
00:02:43]} 12. g3 {[%clk 00:58:11]} {[%emt 00:00:38]} b5 {[%clk 01:14:52]}
{[%emt 00:08:31]} 13. axb6 {[%clk 00:57:55]} {[%emt 00:00:45]} Nxb6 {[%clk
01:15:16]} {[%emt 00:00:07]} 14. Na5 {[%clk 00:56:41]} {[%emt 00:01:44]} Bd7
{[%clk 01:11:58]} {[%emt 00:03:48]} 15. Bg4 {[%clk 00:48:06]} {[%emt 00:09:04]}
Na4 {[%clk 01:08:49]} {[%emt 00:03:40]} 16. Bxd7 {[%clk 00:44:39]} Nxc3 {[%clk
01:09:08]} {[%emt 00:04:08]} 17. bxc3 {[%clk 00:44:59]} {[%emt 00:00:09]} Qxd7
{[%clk 01:08:10]} {[%emt 00:01:28]} 18. Qf3 {[%clk 00:38:06]} {[%emt 00:07:24]}
Bd8 {[%clk 00:57:54]} {[%emt 00:10:46]} 19. Nc6 {[%clk 00:36:55]} {[%emt
00:01:41]} Ng6 {[%clk 00:57:57]} {[%emt 00:00:27]} 20. h5 {[%clk 00:36:24]}
{[%emt 00:01:01]} Ne7 {[%clk 00:54:43]} {[%emt 00:03:44]} 21. Nxd8 {[%clk
00:36:40]} {[%emt 00:00:13]} Rexd8 {[%clk 00:54:05]} {[%emt 00:01:09]} 22. h6
{[%clk 00:36:48]} {[%emt 00:00:22]} f5 {[%clk 00:54:26]} {[%emt 00:00:09]} 23.
hxg7 {[%clk 00:35:11]} {[%emt 00:02:08]} fxe4 {[%clk 00:54:45]} {[%emt
00:00:11]} 24. Qh5 {[%clk 00:17:24]} {[%emt 00:18:17]} Qf5 {[%clk 00:55:05]}
{[%emt 00:00:10]} 25. Bg5 {[%clk 00:17:31]} {[%emt 00:00:23]} Rd7 {[%clk
00:52:36]} {[%emt 00:02:59]} 26. Rxa6 {[%clk 00:14:37]} {[%emt 00:03:23]} Rb8
{[%clk 00:53:02]} {[%emt 00:00:05]} 27. Rb6 {[%clk 00:08:53]} {[%emt 00:06:14]}
Ra8 {[%clk 00:51:35]} {[%emt 00:01:57]} 28. Ra6 {[%clk 00:09:17]} {[%emt
00:00:06]} Rb8 {[%clk 00:51:26]} {[%emt 00:00:38]} 29. Bxe7 {[%clk 00:08:37]}
{[%emt 00:01:10]} Rb1+ {[%clk 00:49:17]} {[%emt 00:02:39]} 30. Ke2 {[%clk
00:09:03]} {[%emt 00:00:04]} Qf3+ {[%clk 00:49:38]} {[%emt 00:00:09]} 31. Qxf3
{[%clk 00:09:30]} {[%emt 00:00:03]} exf3+ {[%clk 00:50:01]} {[%emt 00:00:08]}
32. Kxf3 {[%clk 00:09:54]} {[%emt 00:00:06]} Rxh1 {[%clk 00:50:26]} {[%emt
00:00:04]} 33. Bf6 {[%clk 00:09:13]} {[%emt 00:01:12]} Rxg7 {[%clk 00:49:28]}
{[%emt 00:01:28]} 34. Bxg7 {[%clk 00:09:38]} {[%emt 00:00:05]} Kxg7 {[%clk
00:49:53]} {[%emt 00:00:05]} 35. Rxd6 {[%clk 00:10:01]} {[%emt 00:00:07]} Rc1
{[%clk 00:50:12]} {[%emt 00:00:11]} 36. Rc6 {[%clk 00:10:16]} {[%emt 00:00:15]}
Rxc2 {[%clk 00:50:37]} {[%emt 00:00:06]} 37. Rxc5 {[%clk 00:10:40]} {[%emt
00:00:05]} 
1-0

[Event "Landsturneringen 2022"]
[Site "Kongsvingerhallen"]
[Date "2022.07.08"]
[Round "9"]
[White "Al-Tarboush, Ward"]
[Black "Skotheim, Andreas"]
[Result "1-0"]
[WhiteElo "2203"]
[BlackElo "2197"]
1. e4 {[%clk 01:30:57]} {[%emt 00:00:03]} e5 {[%clk 01:30:19]} {[%emt
00:00:39]} 2. Nf3 {[%clk 01:31:24]} {[%emt 00:00:04]} Nc6 {[%clk 01:30:34]}
{[%emt 00:00:15]} 3. Bb5 {[%clk 01:31:50]} {[%emt 00:00:05]} a6 {[%clk
01:30:43]} {[%emt 00:00:20]} 4. Ba4 {[%clk 01:32:15]} {[%emt 00:00:06]} Nf6
{[%clk 01:30:51]} {[%emt 00:00:21]} 5. O-O {[%clk 01:32:38]} {[%emt 00:00:07]}
Be7 {[%clk 01:30:55]} {[%emt 00:00:25]} 6. Re1 {[%clk 01:32:59]} {[%emt
00:00:09]} b5 {[%clk 01:30:57]} {[%emt 00:00:28]} 7. Bb3 {[%clk 01:33:24]}
{[%emt 00:00:06]} d6 {[%clk 01:30:49]} {[%emt 00:00:37]} 8. c3 {[%clk
01:33:46]} {[%emt 00:00:09]} O-O {[%clk 01:30:39]} {[%emt 00:00:39]} 9. h3
{[%clk 01:34:14]} {[%emt 00:00:03]} Nb8 {[%clk 01:30:16]} {[%emt 00:00:53]} 10.
d4 {[%clk 01:34:35]} {[%emt 00:00:09]} Nbd7 {[%clk 01:30:30]} {[%emt 00:00:16]}
11. Nbd2 {[%clk 01:35:00]} {[%emt 00:00:05]} Bb7 {[%clk 01:30:07]} {[%emt
00:00:52]} 12. Bc2 {[%clk 01:35:29]} {[%emt 00:00:02]} Re8 {[%clk 01:30:18]}
{[%emt 00:00:18]} 13. Nf1 {[%clk 01:35:54]} {[%emt 00:00:07]} Bf8 {[%clk
01:30:29]} {[%emt 00:00:18]} 14. Ng3 {[%clk 01:36:17]} {[%emt 00:00:07]} g6
{[%clk 01:30:24]} {[%emt 00:00:34]} 15. a4 {[%clk 01:36:44]} {[%emt 00:00:04]}
c5 {[%clk 01:30:20]} {[%emt 00:00:33]} 16. d5 {[%clk 01:36:55]} {[%emt
00:00:19]} c4 {[%clk 01:30:29]} {[%emt 00:00:20]} 17. Be3 {[%clk 01:37:21]}
{[%emt 00:00:05]} Nc5 {[%clk 01:29:39]} {[%emt 00:01:20]} 18. Qe2 {[%clk
01:37:28]} {[%emt 00:00:23]} Nfd7 {[%clk 01:25:14]} {[%emt 00:04:54]} 19. Nh2
{[%clk 01:37:51]} {[%emt 00:00:08]} h5 {[%clk 01:23:37]} {[%emt 00:02:06]} 20.
Nf3 {[%clk 01:34:33]} {[%emt 00:03:49]} Be7 {[%clk 01:05:54]} {[%emt 00:18:12]}
21. Ra3 {[%clk 01:33:26]} {[%emt 00:01:37]} Bf6 {[%clk 00:53:13]} {[%emt
00:13:12]} 22. Rea1 {[%clk 01:29:05]} {[%emt 00:04:51]} Qe7 {[%clk 00:42:16]}
{[%emt 00:11:27]} 23. Qd1 {[%clk 00:36:49]} {[%emt 00:52:46]} Reb8 {[%clk
00:30:47]} {[%emt 00:11:59]} 24. Qc1 {[%clk 00:33:09]} {[%emt 00:04:10]} Qd8
{[%clk 00:29:17]} {[%emt 00:01:59]} 25. h4 {[%clk 00:32:16]} {[%emt 00:01:24]}
Rc8 {[%clk 00:25:46]} {[%emt 00:04:01]} 26. Ng5 {[%clk 00:27:48]} {[%emt
00:04:58]} Kg7 {[%clk 00:24:56]} {[%emt 00:01:19]} 27. Qd1 {[%clk 00:26:39]}
{[%emt 00:01:39]} Nf8 {[%clk 00:20:14]} {[%emt 00:05:12]} 28. axb5 {[%clk
00:17:29]} {[%emt 00:09:40]} axb5 {[%clk 00:20:22]} {[%emt 00:00:22]} 29. Ra7
{[%clk 00:17:35]} {[%emt 00:00:23]} Rcb8 {[%clk 00:17:43]} {[%emt 00:03:09]} 30.
Qf3 {[%clk 00:14:05]} {[%emt 00:04:00]} Nh7 {[%clk 00:14:08]} {[%emt 00:04:05]}
31. Nxh5+ {[%clk 00:09:41]} {[%emt 00:04:54]} gxh5 {[%clk 00:14:20]} {[%emt
00:00:17]} 32. Qxh5 {[%clk 00:10:11]} {[%emt 00:00:01]} Bxg5 {[%clk 00:13:20]}
{[%emt 00:01:30]} 33. hxg5 {[%clk 00:10:26]} {[%emt 00:00:15]} Nf8 {[%clk
00:10:59]} {[%emt 00:02:51]} 34. f4 {[%clk 00:10:21]} {[%emt 00:00:34]} Ng6
{[%clk 00:04:53]} {[%emt 00:06:36]} 35. f5 {[%clk 00:09:58]} {[%emt 00:00:53]}
Qh8 {[%clk 00:04:35]} {[%emt 00:00:47]} 36. Qh6+ {[%clk 00:10:24]} {[%emt
00:00:05]} Qxh6 {[%clk 00:04:32]} {[%emt 00:00:33]} 37. gxh6+ {[%clk 00:10:53]}
{[%emt 00:00:01]} Kh7 {[%clk 00:04:17]} {[%emt 00:00:44]} 38. fxg6+ {[%clk
00:11:19]} {[%emt 00:00:04]} Kxg6 {[%clk 00:04:35]} {[%emt 00:00:12]} 39. Rxa8
{[%clk 00:10:39]} {[%emt 00:01:10]} Rxa8 {[%clk 00:04:21]} {[%emt 00:00:44]} 40.
Rxa8 {[%clk 00:10:48]} {[%emt 00:00:21]} Bxa8 {[%clk 00:04:46]} {[%emt
00:00:06]} 41. Bxc5 {[%clk 00:08:43]} {[%emt 00:02:36]} dxc5 {[%clk 00:05:11]}
{[%emt 00:00:04]} 42. Bd1 {[%clk 00:09:02]} {[%emt 00:00:12]} f5 {[%clk
00:02:30]} {[%emt 00:03:10]} 43. exf5+ {[%clk 00:09:04]} {[%emt 00:00:28]} Kxh6
{[%clk 00:02:39]} {[%emt 00:00:20]} 44. Bf3 {[%clk 00:09:31]} {[%emt 00:00:03]}
e4 {[%clk 00:25:19]} {[%emt 00:07:49]} 45. Bxe4 {[%clk 00:37:07]} {[%emt
00:02:55]} Kg5 {[%clk 00:25:43]} {[%emt 00:00:06]} 46. d6 {[%clk 00:37:28]}
{[%emt 00:00:09]} 
1-0